Public discourse in America : (Record no. 19028)
[ view plain ]
| 000 -LEADER | |
|---|---|
| fixed length control field | 01516cam a2200277 a 4500 |
| 020 ## - INTERNATIONAL STANDARD BOOK NUMBER | |
| ISBN | 0812237412 |
| 020 ## - INTERNATIONAL STANDARD BOOK NUMBER | |
| ISBN | 9780812237412 |
| 020 ## - INTERNATIONAL STANDARD BOOK NUMBER | |
| ISBN | 9780812221619 |
| 020 ## - INTERNATIONAL STANDARD BOOK NUMBER | |
| ISBN | 0812221613 |
| 040 ## - CATALOGING SOURCE | |
| Transcribing agency | DLC |
| 082 00 - DEWEY DECIMAL CLASSIFICATION NUMBER | |
| Classification number | 808 UNI 2003 C158 Or. |
| 245 00 - TITLE STATEMENT | |
| Title | Public discourse in America : |
| Remainder of title | conversation and community in the twenty-first century / |
| 260 ## - PUBLICATION, DISTRIBUTION, ETC. (IMPRINT) | |
| Place of publication | Philadelphia : |
| Name of publisher | University of Pennsylvania Press, |
| Year of publication | c2003. |
| 300 ## - PHYSICAL DESCRIPTION | |
| Number of Pages | xv, 318 p. ; |
| Dimensions | 24 cm. |
| 520 1# - SUMMARY, ETC. | |
| Summary, etc | "Public Discourse in America originated in the work of the Penn National Commission on Society, Culture and Community, convened in 1996 by Judith Rodin, President of the University of Pennsylvania. Distinguished members of the Commission, leading experts, commissioned researchers, and leaders in America's nascent public discourse movement offer unexpected insights and an optimistic vision of the health of our politics and culture. Readers - of all political persuasions - from the halls of political power to the streets of urban neighborhood, from newsrooms and studios to think tanks and universities, will find these essays opening up new paths to robust public discussion, more engaged citizenship, and stronger communities."--BOOK JACKET. |
| 650 #0 - SUBJECT ADDED ENTRY--TOPICAL TERM | |
| Topical Term | Political culture |
| 650 #0 - SUBJECT ADDED ENTRY--TOPICAL TERM | |
| Topical Term | Rhetoric |
| 650 #0 - SUBJECT ADDED ENTRY--TOPICAL TERM | |
| Topical Term | Conversation |
| 650 #0 - SUBJECT ADDED ENTRY--TOPICAL TERM | |
| Topical Term | Political participation |
| 650 #0 - SUBJECT ADDED ENTRY--TOPICAL TERM | |
| Topical Term | Civil society |
| 650 #0 - SUBJECT ADDED ENTRY--TOPICAL TERM | |
| Topical Term | Popular culture |
| 650 #0 - SUBJECT ADDED ENTRY--TOPICAL TERM | |
| Topical Term | Rhetoric |
| 700 1# - ADDED ENTRY--PERSONAL NAME | |
| Personal name | Rodin, Judith. |
| 700 1# - ADDED ENTRY--PERSONAL NAME | |
| Personal name | Steinberg, Stephen P. |
| 942 ## - ADDED ENTRY ELEMENTS (KOHA) | |
| Koha item type | ADB |
| 952 ## - LOCATION AND ITEM INFORMATION (KOHA) | |
| Withdrawn status [LOCAL, KOHA] | 0 |
| Koha item type | Source of acquisition | Lost status | Permanent Location | Current Location | Date acquired | Full call number |
|---|---|---|---|---|---|---|
| សៀវភៅភាសាអង់គ្លេស | A38366 | Library Block C | Library Block C | 2020-03-02 | 808 UNI 2003 C158 Or. |